Paesi con l'Oscar per il miglior film straniero - Statistics

Statistiche generali
  • Questo quiz è stato fatto 69 volte
  • Il punteggio medio è 22 su 27
Statistiche sulle risposte
Vittorie Continente Paese % Corretto
12 Europa Francia
100%
14 Europa Italia
100%
4 Europa Germania
97%
5 Asia Giappone
97%
2 America del Sud Argentina
95%
1 America del Sud Brasile
95%
4 Europa/Asia Russia
95%
4 Europa Spagna
95%
3 Europa Svezia
92%
1 America del Nord Canada
89%
4 Europa Danimarca
89%
1 Europa Regno Unito
89%
1 America del Nord Messico
87%
2 Europa Austria
85%
1 Europa Polonia
85%
1 Asia Corea del Sud
84%
3 Europa Paesi Bassi
84%
2 Europa Svizzera
84%
1 Africa Sudafrica
81%
1 America del Sud Cile
79%
3 Europa Cechia
77%
2 Europa Ungheria
74%
1 Africa Algeria
61%
2 Asia Iran
58%
1 Asia Taiwan
45%
1 Europa Bosnia ed Erzegovina
39%
1 Africa Costa d'Avorio
24%
Nessun quiz corrispondente trovato
Distribuzione punteggi
Percentuale di utenti per punteggio
Percentile per numero di risposta
I tuoi punteggi nel tempo
Non hai fatto questo quiz